• 首页
  • 本馆介绍
  • 公告通知
  • 最新文献
  • 馆藏检索
  • 电子资源
  • 读者导购
  • 参考咨询
  • 我的图书馆
  • 登录
  • 详细信息显示
  • 放入我的书架
  • 预约/预借图书
  • 作者相关作品
  • 分类相关作品
  • 丛书相关作品
  • 出版社相关作品

书目信息

  • 表格格式
  • 工作单格式
  • 卡片格式
题名:
白话武经七书
    
 
作者: 陈济康 , 吴建华 编著
分册:  
出版信息: 北京   解放军出版社  2005
页数: 280页
开本: 21cm
丛书名:
单 册:
中图分类: E892.2
科图分类:
主题词: 武经七书--译文 , 兵法--中国--古代
电子资源:
ISBN: 7-5065-4785-6
000 01160nam0 2200325 450
000 01123nam0 2200313 450
000 01131nam0 2200325 450
000 01077nam0 2200301 450
000 01095nam0 2200289 450
000 01058nam0 2200277 45
001 TS2006025026
005 20061216170822.06
010    @a7-5065-4785-6@dCNY19.00
100    @a20060829d2005 em y0chiy0110 ea
101 0  @achi
102    @aCN@b110000
105    @ay z 000yy
200 1  @a白话武经七书@ABai Hua Wu Jing Qi Shu@f陈济康, 吴建华编著@Fchen ji kang,wu jian hua bian zhu
210    @a北京@c解放军出版社@d2005
215    @a280页@d21cm
330    @a本书以白话形式对《孙子》、《吴子》、《尉缭子》、《司马法》、《六韬》、《三略》和《唐李问对》等七部兵书(简称“武经七书”)从宏观上加以论述,分别辅以导读。
606 0  @a武经七书@y译文
606    @a兵法@x中国@y古代
690    @aE892.2@v4
701  0 @a陈济康@AChen Ji Kang@4编著
701  0 @a吴建华@AWu Jian Hua@c(传统文化)@4编著
801  0 @aCN@b中图数据@c20061216
905    @a10447@dE892.2@e45
    
    白话武经七书/陈济康, 吴建华编著.-北京:解放军出版社,2005
    280页;21cm
    
    
    ISBN 7-5065-4785-6:CNY19.00
    本书以白话形式对《孙子》、《吴子》、《尉缭子》、《司马法》、《六韬》、《三略》和《唐李问对》等七部兵书(简称“武经七书”)从宏观上加以论述,分别辅以导读。
●
相关链接 在E读中查询图书 在五车中查询图书 在当当中查询图书 在豆瓣中查询图书


正题名:白话武经七书     索取号:E892.2/45         预约/预借

序号 登录号 条形码 馆藏地/架位号 状态 备注
1 0608212   206082120   第一样本阅览室/ [索取号:E892.2/45] 在馆    
2 0608213   206082139   第一借阅区/ [索取号:E892.2/45] 在馆    
3 0608214   206082148   第一借阅区/ [索取号:E892.2/45] 在馆    
4 0608215   206082157   第一借阅区/ [索取号:E892.2/45] 在馆    
5 0608216   206082166   第一借阅区/ [索取号:E892.2/45] 在馆    
唐山师范学院图书馆 欢迎您!
大连网信软件有限公司© 版权所有